Truck fever : a journey through Africa /

Bibliographic Details
Main Author: Magan, Manchán
Format: Book
Language:English
Published: Dingle, Ireland : Brandon, 2008.
Subjects:

MARC

Tag First Indicator Second Indicator Subfields
LEADER 00000cam a2200000 a 4500
001 in00002436639
005 20151109180003.0
008 080528s2008 ie ab 000 0 eng
015 |a GBA873438  |2 bnb 
016 7 |a 014633480  |2 Uk 
020 |a 9780863223891 (pbk.) 
020 |a 0863223893 (pbk.) 
035 |a (OCoLC)ocn223855793 
035 |a (OCoLC)223855793 
040 |a UKM  |c UKM  |d BTCTA  |d BAKER  |d YDXCP  |d BWKUK  |d BWK  |d UtOrBLW 
049 |a TXAM 
050 4 |a DT12.25  |b .M337 2008 
082 0 4 |a 916.0433  |2 22 
100 1 |a Magan, Manchán. 
245 1 0 |a Truck fever :  |b a journey through Africa /  |c Manchán Magan. 
264 1 |a Dingle, Ireland :  |b Brandon,  |c 2008. 
300 |a 277 pages :  |b illustrations, maps ;  |c 22 cm. 
336 |a text  |b txt  |2 rdacontent 
337 |a unmediated  |b n  |2 rdamedia 
338 |a volume  |b nc  |2 rdacarrier 
600 1 0 |a Magan, Manchán  |x Travel  |z Africa. 
650 0 |a British  |x Travel  |z Africa. 
651 0 |a Africa  |x Description and travel. 
651 0 |a Africa  |x Social life and customs. 
938 |a Baker and Taylor  |b BTCP  |n BK0007743318 
938 |a Baker & Taylor  |b BKTY  |c 25.95  |d 25.95  |i 0863223893  |n 0007743318  |s active 
938 |a YBP Library Services  |b YANK  |n 2833994 
938 |a Blackwell Book Service UK  |b BBUK  |n L4796535  |c 9.99 
945 |a PromptCat  |b 550109 
946 |a stk 
947 |a A14836673189 
994 |a 92  |b TXA 
948 |a cataloged  |b h  |d 2008/11/13  |h c  |e asalazar  |f 1:15:46 pm 
999 |a MARS 
999 f f |s 94cb8d14-6d52-3574-b32e-2989876b9242  |i 70ee47b0-f8fa-3be0-bfdf-93488011a70d  |t 0 
952 f f |p ric  |a Texas A&M University  |b Rellis Campus  |c Joint Library Facility  |d Remote Storage  |t 0  |e DT12.25 .M337 2008  |h Library of Congress classification  |i unmediated -- volume  |m A14836673189 
998 f f |a DT12.25 .M337 2008  |t 0  |l Remote Storage